| 000 | 00840nam a22001817a 4500 | ||
|---|---|---|---|
| 008 | 111215t xxu||||| |||| 00| 0 eng d | ||
| 020 | _a0691034133 | ||
| 050 | _aHC59.7.A7422 | ||
| 100 | _aAgenor, Pierre-Richard | ||
| 245 |
_aDevelopment macroeconomics / _cPierre-Richard Agenor and Peter J. Montiel |
||
| 260 |
_aNew York: _bPrinceton University Press, _cc1996. |
||
| 300 |
_axvi, 679 p. _bill. _c24cm. |
||
| 500 | _aIncludes bibliographical references and index. | ||
| 505 | _aContents: Introduction and overview -- Macroeconomic relationships and market structure -- The Short-run macroeconomic policies -- Analysis of stabilization programs -- Growth, debt, and structural reforms -- Endogenous growth, political economy, and labor markets -- Epilogue. | ||
| 650 | _aMacroeconomics. | ||
| 700 | _aMontiel, Peter J. | ||
| 942 |
_2lcc _cBK |
||
| 999 |
_c407 _d7907 |
||